<?xml version="1.0" encoding="UTF-8"?>
<record
    xmlns:xsi="http://www.w3.org/2001/XMLSchema-instance"
    xsi:schemaLocation="http://www.loc.gov/MARC21/slim http://www.loc.gov/standards/marcxml/schema/MARC21slim.xsd"
    xmlns="http://www.loc.gov/MARC21/slim">

  <leader>01614nam a22001817a 4500</leader>
  <controlfield tag="003">IT-RoPau</controlfield>
  <controlfield tag="005">20220918175936.0</controlfield>
  <controlfield tag="008">121205b        xxu||||| |||| 00| 0 eng d</controlfield>
  <datafield tag="040" ind1=" " ind2=" ">
    <subfield code="c">IT-RoPau</subfield>
  </datafield>
  <datafield tag="100" ind1=" " ind2=" ">
    <subfield code="a">Alberione Giacomo</subfield>
    <subfield code="q">Fondatore Famiglia Paolina </subfield>
    <subfield code="9">19</subfield>
  </datafield>
  <datafield tag="245" ind1=" " ind2=" ">
    <subfield code="a">Maria discepola e maestra </subfield>
  </datafield>
  <datafield tag="250" ind1=" " ind2=" ">
    <subfield code="a">II</subfield>
  </datafield>
  <datafield tag="260" ind1=" " ind2=" ">
    <subfield code="a">Roma</subfield>
    <subfield code="b">SSP</subfield>
    <subfield code="c">1987</subfield>
  </datafield>
  <datafield tag="300" ind1=" " ind2=" ">
    <subfield code="a">40 p.</subfield>
    <subfield code="c">21,5 cm</subfield>
  </datafield>
  <datafield tag="490" ind1=" " ind2=" ">
    <subfield code="a">Edizioni Archivio Storico Generale della Famiglia Paolina </subfield>
    <subfield code="v">I</subfield>
  </datafield>
  <datafield tag="520" ind1=" " ind2=" ">
    <subfield code="a">INDICE

Presentazione

Parte Prima
PER MARIA MAESTRA A GESU' MAESTRO

1. Concetto di Maestro
2. Maria via a Cristo e via di Cristo
3. Maria Maestra

I. MARIA E' VIA :
   ESEMPIO DI SANTITA'

1. Conformazione alle virt&#xF9; di Cristo
2. Il "libro" di tutte le virt&#xF9;

II. MARIA E' VITA :
    EFFICACIA NELLE SUE PREGHIERE

1. La vita di Cristo per mezzo di Maria
2. Maria ci comunica la vita in tre momenti successivi

III. MARIA HA SAPIENZA :
     AUTORITA' DEL SUO CONSIGLIO

1. Maria sede della sapienza
2. I pi&#xF9; ricchi tesori di scienza

Conclusione: tre applicazioni

Parte seconda
DISCEPOLATO E MAGISTERO DI MARIA

I. MARIA FU DISCEPOLA, POI MAESTRA

1. Prima dell' incarnazione del Figlio di Dio
2. Fu Discepola di Ges&#xF9; nella vita privata
3. Durante la vita pubblica

II.  MARIA FU MAESTRA

1.  Maestra e formatrice di Ges&#xF9;
2.  Maria Maestra nella Chiesa

Parte terza
MARIA E IL MAESTRO-EDUCATORE

I.  SUL MODELLO DI GESU'  E DI MARIA 
II.  CONSACRAZIONE A MARIA
     E FORMAZIONE PAOLINA

1. Consacrazione adel magistero e del discepolato
2. Maria nella formazione paolina

Conclusione

Preghiere a Maria
    

  </subfield>
  </datafield>
  <datafield tag="942" ind1=" " ind2=" ">
    <subfield code="2">ddc</subfield>
    <subfield code="c">BK</subfield>
  </datafield>
  <datafield tag="999" ind1=" " ind2=" ">
    <subfield code="c">37608</subfield>
    <subfield code="d">37608</subfield>
  </datafield>
  <datafield tag="952" ind1=" " ind2=" ">
    <subfield code="0">0</subfield>
    <subfield code="1">0</subfield>
    <subfield code="2">ddc</subfield>
    <subfield code="4">0</subfield>
    <subfield code="6">P_A6</subfield>
    <subfield code="7">1</subfield>
    <subfield code="a">PAULUS</subfield>
    <subfield code="b">PAULUS</subfield>
    <subfield code="d">2012-12-05</subfield>
    <subfield code="l">0</subfield>
    <subfield code="o">P A6</subfield>
    <subfield code="r">2012-12-05 00:00:00</subfield>
    <subfield code="w">2012-12-05</subfield>
    <subfield code="y">BK</subfield>
  </datafield>
  <datafield tag="952" ind1=" " ind2=" ">
    <subfield code="0">0</subfield>
    <subfield code="1">0</subfield>
    <subfield code="2">ddc</subfield>
    <subfield code="4">0</subfield>
    <subfield code="6">P_A6</subfield>
    <subfield code="7">1</subfield>
    <subfield code="a">PAULUS</subfield>
    <subfield code="b">PAULUS</subfield>
    <subfield code="d">2013-11-18</subfield>
    <subfield code="l">0</subfield>
    <subfield code="o">P A6</subfield>
    <subfield code="r">2013-11-18 00:00:00</subfield>
    <subfield code="w">2013-11-18</subfield>
    <subfield code="y">BK</subfield>
  </datafield>
</record>
